000 004240000a22001690004500
003 MACL
005 20160120120026.0
008 160120b xxu||||| |||| 00| 0 eng d
040 _aMACL
_cMACL
041 _aEnglish
082 _a343.099/BAS
100 _aBasu, Dr Durga Das
_933492
245 _aLaw of The Press
260 _bPrentice Hall of India
_c1996
_aNew Delhi
650 _aLaw
_933493
942 _cBK
_k343/Bas
_2ddc
999 _c32477
_d32477